000 00485nam a2200181 a 4500
005 20140310183438.0
008 080206s19uu xx 00 eng d
020 _a9780071106580
050 _aGV 716
_b.F85 2007
100 _aFullerton, Sam
245 _aSports marketing /
_cSam Fullerton.
260 _aBoston, U.S.A :
_bMcGraw-Hill,
_c2007.
300 _a480 p. :
_bill. ;
_c26 cm.
521 _aBSBA
650 _aSports
_xMarketing.
942 _cBK
_2lcc
_kFOR
999 _c23001
_d23001